[Event "World Blitz 2025"]
[Site "Doha QAT"]
[Date "2025.12.29"]
[Round "11.119"]
[White "Dinham, James"]
[Black "Fandi, Mazen"]
[Result "0-1"]
[BlackTitle "FM"]
[WhiteElo "2091"]
[BlackElo "2304"]
[WhiteFideId "14327023"]
[BlackFideId "7611625"]
[EventDate "2025.12.29"]

1. e4 c6 2. d4 d5 3. Nc3 dxe4 4. Nxe4 Bf5 5. Ng3 Bg6 6. h4 h6 7. Nf3 Nd7 8. h5
Bh7 9. Bd3 Bxd3 10. Qxd3 e6 11. Bf4 Qa5+ 12. Bd2 Bb4 13. c3 Be7 14. O-O Ngf6 15.
b4 Qc7 16. c4 O-O 17. Rfe1 Rad8 18. Qc2 Bd6 19. Ne4 Nxh5 20. Nxd6 Qxd6 21. a3
Nhf6 22. b5 Qc7 23. bxc6 Qxc6 24. Bb4 Rfe8 25. Rac1 Rc8 26. Qe2 b6 27. Ne5 Nxe5
28. dxe5 Nd7 29. Bd6 Nc5 30. Rc3 Nb7 31. Rd1 Red8 32. Qd2 Qe4 33. f3 Qh4 34. Qd3
Rc6 35. c5 bxc5 36. Qb5 Rb6 37. Qe2 Nxd6 38. exd6 Rbxd6 39. Rxd6 Rxd6 40. Rxc5
Qd4+ 41. Qf2 Qf4 42. Rc8+ Kh7 43. Qc2+ g6 44. Qb2 Rd1+ 45. Kf2 Rd2+ 0-1

[Event "World Blitz 2025"]
[Site "Doha QAT"]
[Date "2025.12.29"]
[Round "11.120"]
[White "Bodemar, Jonathan"]
[Black "Medhus, Vitus Bondo"]
[Result "0-1"]
[WhiteTitle "CM"]
[BlackTitle "FM"]
[WhiteElo "2154"]
[BlackElo "2387"]
[WhiteFideId "6205488"]
[BlackFideId "1462547"]
[EventDate "2025.12.29"]

1. e4 c5 2. Nc3 Nc6 3. g3 g6 4. Bg2 Bg7 5. d3 d6 6. Be3 Nf6 7. h3 Rb8 8. Qd2 O-O
9. Nge2 b5 10. Bh6 b4 11. Nd1 Ne8 12. O-O a5 13. Bxg7 Nxg7 14. Ne3 a4 15. c3 Ba6
16. f4 Qa5 17. f5 a3 18. bxa3 Qxa3 19. c4 Ne5 20. Rad1 Bb7 21. Nf4 Ra8 22. Rf2
f6 23. Nfd5 Rf7 24. fxg6 hxg6 25. Kh2 Ne6 26. h4 Bxd5 27. exd5 Nd4 28. Be4 f5
29. Bg2 Kg7 30. Kg1 Raf8 31. Rf4 Ra8 32. Rf2 Qc3 33. Nc2 Rxa2 34. Qxc3 bxc3 35.
Nxd4 Rxf2 36. Ne6+ Kf6 37. Kxf2 c2 38. Rc1 Nxd3+ 39. Ke3 Nxc1 40. Kd2 Nb3+ 41.
Kxc2 Nd4+ 42. Nxd4 cxd4 43. Kd3 Ke5 44. Bf3 Rf8 45. Bd1 Ra8 0-1

[Event "World Blitz 2025"]
[Site "Doha QAT"]
[Date "2025.12.29"]
[Round "11.121"]
[White "Berend, Fred"]
[Black "Dahal, Sushrut"]
[Result "1-0"]
[WhiteTitle "IM"]
[BlackTitle "CM"]
[WhiteElo "2213"]
[BlackElo "2037"]
[WhiteFideId "4000102"]
[BlackFideId "12303275"]
[EventDate "2025.12.29"]

1. d4 Nf6 2. Nf3 e6 3. c4 Bb4+ 4. Bd2 Qe7 5. g3 Bxd2+ 6. Qxd2 Ne4 7. Qc2 f5 8.
Nbd2 Nxd2 9. Qxd2 O-O 10. Bg2 d6 11. O-O c6 12. Rfd1 Bd7 13. Rac1 Be8 14. Ne1
Nd7 15. Nd3 Rd8 16. Qa5 Bh5 17. Re1 a6 18. Qc7 Rb8 19. Nf4 Rfc8 20. Qa5 Bf7 21.
e4 e5 22. exf5 Qf6 23. Nd3 exd4 24. b3 c5 25. g4 1-0

[Event "World Blitz 2025"]
[Site "Doha QAT"]
[Date "2025.12.29"]
[Round "11.122"]
[White "Blackwood, Ryan"]
[Black "AlJamaat, Khaled"]
[Result "1-0"]
[WhiteElo "1945"]
[BlackElo "1719"]
[WhiteFideId "7400640"]
[BlackFideId "12102415"]
[EventDate "2025.12.29"]

1. e4 e5 2. Nf3 Nc6 3. d4 exd4 4. Nxd4 Nf6 5. Nxc6 bxc6 6. Bd3 d5 7. e5 Nd7 8.
O-O Bc5 9. Qh5 Nf8 10. Bg5 Qd7 11. h3 Ne6 12. Bd2 g6 13. Qh6 Kd8 14. Nc3 Bf8 15.
Qh4+ Be7 16. Qa4 h5 17. Qg4 Nd4 18. Qd1 c5 19. Be3 Ne6 20. Qf3 Bb7 21. Rad1 Rb8
22. Bb5 c6 23. Rxd5 Qxd5 24. Nxd5 cxd5 25. Qxf7 Nc7 26. Ba4 d4 27. Bg5 Bxg5 1-0

[Event "World Blitz 2025"]
[Site "Doha QAT"]
[Date "2025.12.29"]
[Round "11.123"]
[White "Al-Mansouri, Fahad"]
[Black "Khayat, Emad"]
[Result "0-1"]
[WhiteElo "1607"]
[BlackElo "1927"]
[WhiteFideId "12102407"]
[BlackFideId "21518076"]
[EventDate "2025.12.29"]

1. e4 e5 2. Nf3 Nc6 3. Bc4 Bc5 4. c3 Nf6 5. d3 O-O 6. Nbd2 d5 7. exd5 Nxd5 8.
O-O Bg4 9. h3 Bh5 10. Ne4 Be7 11. Ng3 Bg6 12. Re1 Nb6 13. Bb5 Bd6 14. Bg5 f6 15.
Be3 a6 16. Bxc6 bxc6 17. Qc2 c5 18. Ne4 Qe7 19. Nh4 Rad8 20. Nxg6 hxg6 21. Qb3+
Kh7 22. a4 a5 23. Qc2 Qe6 24. Bxc5 Bxc5 25. Nxc5 Qd5 26. b4 f5 27. bxa5 Qxc5 28.
axb6 cxb6 29. Re2 Rc8 30. Rae1 Rfe8 31. Rc1 Qd5 32. Qd2 Rcd8 33. Rd1 Qc6 34. Rc1
Qxa4 35. Qc2 Qxc2 36. Rcxc2 Rxd3 37. Red2 Red8 38. Rxd3 Rxd3 39. c4 g5 40. Kf1
Rd4 41. c5 bxc5 42. Rxc5 Re4 43. f3 Re3 44. Kf2 f4 45. Rc6 Kg8 46. Re6 Kf7 47.
Rb6 Rc3 48. Rd6 Rc2+ 49. Kf1 Ke7 50. Ra6 Rd2 51. Rg6 Kf7 52. Rxg5 Kf6 53. Rh5
Rc2 54. Rh8 Ke6 55. Rd8 Rb2 56. Rd1 Kf5 57. Rd7 e4 58. Rxg7 e3 59. Rf7+ Ke5 60.
Re7+ Kd4 61. Rd7+ Kc4 62. Rd1 e2+ 63. Ke1 exd1=Q+ 64. Kxd1 Kd3 65. Ke1 Rxg2 66.
Kf1 Rh2 67. Kg1 Rxh3 0-1

[Event "World Blitz 2025"]
[Site "Doha QAT"]
[Date "2025.12.29"]
[Round "11.124"]
[White "Al-Kuwari, Hamad"]
[Black "Al-Janahi, Ibrahim"]
[Result "1/2-1/2"]
[WhiteTitle "CM"]
[WhiteElo "1809"]
[BlackElo "1656"]
[WhiteFideId "12102679"]
[BlackFideId "12102385"]
[EventDate "2025.12.29"]

1. e4 c5 2. Nf3 Nc6 3. d4 cxd4 4. Nxd4 Nxd4 5. Qxd4 Qb6 6. Be3 Qxd4 7. Bxd4 d6
8. c4 Nf6 9. Nc3 Bd7 10. O-O-O Bc6 11. f3 g6 12. Be2 Bg7 13. Rhe1 O-O 14. Kb1 a6
15. b3 b5 16. Nd5 bxc4 17. Bxc4 Nxd5 18. Bxd5 Bxd5 19. Bxg7 Bxe4+ 20. Rxe4 Kxg7
21. Rde1 e6 22. Rd4 d5 23. Rc1 Rac8 24. Rdd1 Kf6 25. a3 Rb8 26. Kb2 Rb7 27. Rc6
Rfb8 28. Rc3 a5 29. Rd2 Rd7 30. Rc5 Rdb7 31. Rc3 a4 32. b4 Rd8 33. f4 g5 34.
fxg5+ Kxg5 35. Rg3+ Kf5 36. Rf3+ Kg6 37. Rdf2 f5 38. Re3 Re8 39. Re5 Kf6 40.
Rfe2 Rd7 41. Kc3 Rc7+ 42. Kd3 Ree7 43. R5e3 Rc1 44. Kd4 Rc4+ 45. Kd3 Rc1 46. Kd2
Rc6 47. Re5 Rec7 48. R5e3 Rc2+ 49. Ke1 Rc1+ 50. Kf2 R1c6 51. Re1 Rc2+ 52. R1e2
Rxe2+ 53. Rxe2 Rc3 54. Ra2 Ke5 55. Ke2 Rc1 56. Rb2 Kd6 57. Ke3 Rc3+ 58. Kf4 Rc4+
59. Kg5 Rg4+ 60. Kf6 Rh4 61. h3 Rh6+ 62. Kg5 Rg6+ 63. Kf4 Ke7 64. g4 fxg4 65.
hxg4 Rf6+ 66. Ke5 Rg6 67. Rg2 h6 68. Rg1 h5 69. Rg3 h4 70. Rg1 Rg5+ 1/2-1/2

[Event "World Blitz 2025"]
[Site "Doha QAT"]
[Date "2025.12.29"]
[Round "11.125"]
[White "Ahmad, Saif"]
[Black "Alkhuriji, Abdulaziz N"]
[Result "0-1"]
[WhiteElo "1567"]
[BlackElo "1972"]
[WhiteFideId "12102709"]
[BlackFideId "21525919"]
[EventDate "2025.12.29"]

1. d4 Nf6 2. c4 g6 3. Nc3 Bg7 4. e4 d6 5. Be2 O-O 6. Be3 Nbd7 7. g4 e5 8. d5 Nc5
9. Bf3 c6 10. g5 Ne8 11. b4 Na6 12. a3 f5 13. gxf6 Qxf6 14. h4 Nec7 15. Bg5 Qf7
16. h5 Bg4 17. hxg6 hxg6 18. dxc6 bxc6 19. Qxd6 Bxf3 20. Nxf3 Qxf3 21. Kd2 Qxf2+
22. Ne2 Qf7 23. Raf1 Qe6 24. Rxf8+ Rxf8 25. Qd3 Qg4 26. Be7 Re8 27. Bd6 Rd8 28.
c5 Ne6 29. Qxa6 Qxe4 30. Kd1 Qxh1+ 31. Kd2 Qd5+ 32. Kc3 e4+ 33. Kc2 Qa2+ 34. Kd1
Qb1+ 35. Kd2 Qb2+ 36. Kd1 e3 37. Qd3 Qa1+ 38. Nc1 Qd4 39. Qxd4 Bxd4 40. Ke2 g5
41. Nb3 Nf4+ 42. Ke1 Bc3+ 43. Kf1 e2+ 0-1

[Event "World Blitz 2025"]
[Site "Doha QAT"]
[Date "2025.12.29"]
[Round "11.126"]
[White "Alsaqer, Meshal"]
[Black "Fates, Omer Salah"]
[Result "1-0"]
[WhiteElo "1853"]
[BlackElo "2079"]
[WhiteFideId "10301771"]
[BlackFideId "9212035"]
[EventDate "2025.12.29"]

1. d4 d5 2. Nf3 Nf6 3. c4 c6 4. Nbd2 Bf5 5. g3 h6 6. Bg2 e6 7. O-O Nbd7 8. b3
Bd6 9. Bb2 O-O 10. Re1 Bc7 11. Nh4 Bh7 12. Rc1 Re8 13. a3 Nf8 14. Nhf3 Ng6 15.
b4 Ne7 16. Qb3 Nf5 17. e3 Nd6 18. a4 Nde4 19. Nxe4 Nxe4 20. b5 Rb8 21. Red1 Bf5
22. Nd2 Ng5 23. Rf1 Bh3 24. Qc2 Bxg2 25. Kxg2 Bd6 26. h4 Nh7 27. Rfd1 Nf6 28.
Qd3 Qe7 29. f3 Bc7 30. Re1 Qd6 31. Nf1 Nh5 32. g4 Ng3 33. Ba3 Qxa3 34. Qxa3 Nxf1
35. Kxf1 1-0

[Event "World Blitz 2025"]
[Site "Doha QAT"]
[Date "2025.12.29"]
[Round "12.2"]
[White "Erigaisi, Arjun"]
[Black "Vachier-Lagrave, Maxime"]
[Result "1/2-1/2"]
[WhiteTitle "GM"]
[BlackTitle "GM"]
[WhiteElo "2775"]
[BlackElo "2734"]
[WhiteFideId "35009192"]
[BlackFideId "623539"]
[EventDate "2025.12.29"]

1. d4 Nf6 2. c4 g6 3. Bg5 Bg7 4. Nc3 d5 5. Bxf6 Bxf6 6. cxd5 c5 7. dxc5 Nd7 8.
g3 Nxc5 9. Bg2 O-O 10. Rc1 Qb6 11. Qd2 Bd7 12. Nf3 Rac8 13. O-O Rfd8 14. Rfd1
Bf5 15. Nd4 Bxd4 16. Qxd4 Qxb2 17. e4 Bg4 18. Rb1 Nb3 19. Rxb2 Nxd4 20. Rxd4
Rxc3 21. h3 Bc8 22. e5 b6 23. a4 Rc5 24. Rbd2 Kg7 25. Kh2 h5 26. g4 hxg4 27.
hxg4 g5 28. Kg3 Bb7 1/2-1/2

[Event "World Blitz 2025"]
[Site "Doha QAT"]
[Date "2025.12.29"]
[Round "12.3"]
[White "Dubov, Daniil"]
[Black "Yu, Yangyi"]
[Result "1/2-1/2"]
[WhiteTitle "GM"]
[BlackTitle "GM"]
[WhiteElo "2672"]
[BlackElo "2717"]
[WhiteFideId "24126055"]
[BlackFideId "8603820"]
[EventDate "2025.12.29"]

1. d4 Nf6 2. Nf3 d5 3. c4 e6 4. g3 Be7 5. Bg2 O-O 6. O-O dxc4 7. Qc2 a6 8. a4
Bd7 9. Qxc4 Bc6 10. Bg5 Nbd7 11. Nc3 a5 12. Rfd1 h6 13. Bxf6 Nxf6 14. Ne5 Bxg2
15. Kxg2 c6 16. e3 Bb4 17. Qe2 Qe7 18. Qf3 Rfd8 19. h4 Nd7 20. Nd3 e5 21. Nxb4
axb4 22. Ne4 exd4 23. exd4 1/2-1/2

[Event "World Blitz 2025"]
[Site "Doha QAT"]
[Date "2025.12.29"]
[Round "12.4"]
[White "Grischuk, Alexander"]
[Black "Firouzja, Alireza"]
[Result "1-0"]
[WhiteTitle "GM"]
[BlackTitle "GM"]
[WhiteElo "2654"]
[BlackElo "2762"]
[WhiteFideId "4126025"]
[BlackFideId "12573981"]
[EventDate "2025.12.29"]

1. e4 c6 2. d4 d5 3. e5 Bf5 4. h4 Qc7 5. Nc3 a6 6. h5 h6 7. Bd3 Bxd3 8. cxd3 e6
9. Nf3 Ne7 10. a3 Nd7 11. b4 Nc8 12. Be3 a5 13. Rb1 axb4 14. axb4 Be7 15. Rh3 b5
16. Kf1 Ndb6 17. Rg3 Bf8 18. Kg1 Ne7 19. Nh4 Qc8 20. Ne2 Qd7 21. Rc1 Rc8 22. Bd2
Ra8 23. Nf4 Ra6 24. Qg4 Na8 25. Rf3 Nc7 26. Qh3 Ra2 27. Bc3 Nf5 28. Nxf5 exf5
29. Qg3 Ne6 30. Nxe6 fxe6 31. Re3 Qf7 32. Ree1 Be7 33. Ra1 Ra4 34. Rxa4 bxa4 35.
Ra1 O-O 36. Rxa4 Qxh5 37. Ra7 Rf7 38. Qf3 Qg5 39. Qe3 f4 40. Qf3 Qf5 41. Rc7 g5
42. Qh5 Kg7 43. Rxc6 Bf8 44. b5 f3 45. Qxf3 Qg6 46. Qe2 g4 47. g3 h5 48. b6 h4
49. Rc7 hxg3 50. Rxf7+ Kxf7 51. fxg3 Kg8 52. b7 Qe8 53. Qb2 Qb8 54. Ba5 Ba3 55.
Qb5 Kh7 56. Qd7+ Kg6 57. Qxe6+ Kh5 58. Qf5+ Kh6 59. Qe6+ Kh5 60. Qc8 Qa7 61.
b8=Q Qxd4+ 62. Kg2 1-0

[Event "World Blitz 2025"]
[Site "Doha QAT"]
[Date "2025.12.29"]
[Round "12.5"]
[White "Bu, Xiangzhi"]
[Black "Jobava, Baadur"]
[Result "1/2-1/2"]
[WhiteTitle "GM"]
[BlackTitle "GM"]
[WhiteElo "2665"]
[BlackElo "2568"]
[WhiteFideId "8601445"]
[BlackFideId "13601520"]
[EventDate "2025.12.29"]

1. Nf3 d5 2. d4 Nf6 3. c3 c6 4. Bf4 Bf5 5. Nh4 g6 6. e3 e6 7. Nd2 Nbd7 8. Nhf3
Qb6 9. Qb3 h6 10. h3 g5 11. Bh2 Ne4 12. Nxe4 Bxe4 13. Nd2 Bg6 1/2-1/2

[Event "World Blitz 2025"]
[Site "Doha QAT"]
[Date "2025.12.29"]
[Round "12.6"]
[White "Narayanan, S.L."]
[Black "Sarana, Alexey"]
[Result "1-0"]
[WhiteTitle "GM"]
[BlackTitle "GM"]
[WhiteElo "2616"]
[BlackElo "2673"]
[WhiteFideId "5058422"]
[BlackFideId "24133795"]
[EventDate "2025.12.29"]

1. d4 d5 2. c4 e6 3. Nc3 Nf6 4. cxd5 exd5 5. Bg5 c6 6. e3 Be7 7. Bd3 Nbd7 8. h3
Nf8 9. Bf4 Ng6 10. Bg3 O-O 11. Nge2 Re8 12. O-O Bd6 13. a3 a5 14. Bxd6 Qxd6 15.
Na4 Nh4 16. Nb6 Rb8 17. Nxc8 Rbxc8 18. Ng3 Re7 19. Rc1 Rce8 20. Nf5 Nxf5 21.
Bxf5 Ra8 22. Rc5 a4 23. Qd2 g6 24. Bd3 Nd7 25. Ra5 Ree8 26. Rc1 Reb8 27. Rxa8
Rxa8 28. g3 h5 29. h4 Kg7 30. Be2 Nf6 31. Bf3 Qc7 32. Rc5 Qb6 33. Qc2 Ra5 34.
Rxa5 Qxa5 35. b4 axb3 36. Qxb3 b5 37. Kg2 Qa6 38. Qb4 Qa7 39. Qd6 Qd7 40. Qe5
Qd8 41. Bd1 Qa5 42. Bxh5 Qxa3 43. Bf3 Qa8 44. h5 Qd8 45. g4 Kh7 46. hxg6+ fxg6
47. Qe6 b4 48. Qxc6 Qe7 49. Bxd5 Nxg4 50. Qc5 Qh4 51. Qc7+ Kh6 52. Qf4+ Kg7 53.
Qf7+ Kh6 54. Qf8+ Kg5 55. f4+ Kh5 56. Qh8+ Nh6 57. Bf3+ 1-0

[Event "World Blitz 2025"]
[Site "Doha QAT"]
[Date "2025.12.29"]
[Round "12.7"]
[White "So, Wesley"]
[Black "Lazavik, Denis"]
[Result "1-0"]
[WhiteTitle "GM"]
[BlackTitle "GM"]
[WhiteElo "2753"]
[BlackElo "2605"]
[WhiteFideId "5202213"]
[BlackFideId "13515110"]
[EventDate "2025.12.29"]

1. c4 e6 2. Nc3 d5 3. d4 Be7 4. cxd5 exd5 5. Bf4 c6 6. e3 Bf5 7. Nge2 Nd7 8. h4
Nf8 9. h5 Nf6 10. Ng3 Bc8 11. Be5 N8d7 12. Bf4 Nf8 13. Bd3 Ne6 14. Be5 Nd7 15.
Nf5 Nxe5 16. dxe5 Bf8 17. Qg4 Qc7 18. Qg3 Bd7 19. Rc1 Qb6 20. O-O g6 21. Nd6+
Bxd6 22. exd6 O-O 23. Bf5 Qd8 24. e4 Qf6 25. Bh3 dxe4 26. Nxe4 Qd4 27. Rfe1 Kh8
28. hxg6 fxg6 29. Rcd1 Qg7 30. Bxe6 Bxe6 31. Ng5 Bg8 32. Re7 Qxb2 33. Nxh7 Bxh7
34. Qh4 Qxf2+ 1-0

[Event "World Blitz 2025"]
[Site "Doha QAT"]
[Date "2025.12.29"]
[Round "12.8"]
[White "Sadhwani, Raunak"]
[Black "Nepomniachtchi, Ian"]
[Result "1/2-1/2"]
[WhiteTitle "GM"]
[BlackTitle "GM"]
[WhiteElo "2638"]
[BlackElo "2723"]
[WhiteFideId "35093487"]
[BlackFideId "4168119"]
[EventDate "2025.12.29"]

1. d4 Nf6 2. c4 e6 3. Nc3 Bb4 4. Qc2 c5 5. dxc5 O-O 6. Nf3 Na6 7. g3 Nxc5 8. Bg2
Nfe4 9. Bd2 Nxd2 10. Nxd2 Qa5 11. O-O Bxc3 12. Nb3 Qb4 13. Nxc5 Qxb2 14. Qxb2
Bxb2 15. Rab1 Ba3 16. Nxb7 Rb8 17. Rb3 Bxb7 18. Rxb7 Rxb7 19. Bxb7 Rb8 20. Rb1
Kf8 21. Be4 Rc8 22. Rb7 Rxc4 23. Bd3 Ra4 24. Rxd7 Bc5 25. Rc7 Bb6 26. Rc2 g6 27.
Bb5 Rb4 28. Bd3 Ke7 29. Kg2 Ra4 30. Bb5 Ra3 31. Bc4 Ra5 32. Bb3 g5 33. g4 Re5
34. e3 Re4 35. Rc4 Re5 36. h3 Rd5 37. Kf3 Rd8 38. Kg3 Kf6 39. h4 h6 40. hxg5+
hxg5 41. Kf3 Ke5 42. Re4+ Kf6 43. Rc4 Rh8 44. Kg2 Ke5 45. Bc2 Rd8 46. Re4+ Kf6
47. Rc4 Rd2 48. Kf3 Ba5 49. Bb3 Rd8 50. Ra4 Bb6 51. Rc4 Ke7 52. Rc2 Rd6 53. Rc4
f5 54. Rc1 Kf6 55. Rd1 Rxd1 1/2-1/2

[Event "World Blitz 2025"]
[Site "Doha QAT"]
[Date "2025.12.29"]
[Round "12.9"]
[White "Aronian, Levon"]
[Black "Radjabov, Teimour"]
[Result "1/2-1/2"]
[WhiteTitle "GM"]
[BlackTitle "GM"]
[WhiteElo "2729"]
[BlackElo "2692"]
[WhiteFideId "13300474"]
[BlackFideId "13400924"]
[EventDate "2025.12.29"]

1. e4 e5 2. Bc4 Nf6 3. d3 c6 4. Nf3 d5 5. exd5 cxd5 6. Bb3 Bd6 7. O-O Be6 8. Nc3
Nbd7 9. Bg5 Qb8 10. Re1 O-O 11. Nb5 Re8 12. Nxd6 Qxd6 13. h3 d4 14. Nd2 Bxb3 15.
axb3 Qc7 16. Nc4 b5 17. Na5 Rac8 18. Re2 Nd5 19. Bd2 Re6 20. Rc1 Rce8 21. b4 Qd6
22. c4 dxc3 23. bxc3 Rg6 24. Qf1 N5f6 25. Ree1 a6 26. c4 bxc4 27. Nxc4 Qd5 28.
Ra1 Nh5 29. Ra5 Qb7 30. Nxe5 Nxe5 31. Raxe5 Rxe5 32. Rxe5 Nf6 33. Bg5 h6 34.
Bxf6 Rxf6 35. Re4 Rb6 36. Qe1 Kh7 37. Qc3 Rg6 38. Rg4 Rf6 39. Qd4 Qc6 40. Qe4+
Qxe4 41. Rxe4 Rd6 42. d4 f5 43. Rf4 g5 44. Rxf5 Rxd4 45. Ra5 Rxb4 46. Rxa6 Kg7
47. Kh2 Rb2 48. Kg3 Rb3+ 49. Kh2 Rb2 50. f3 Rb3 51. h4 Rb4 52. g4 Rb3 53. Kg2
Rb2+ 54. Kg3 Rb1 55. Ra7+ Kf6 56. h5 Rb6 57. Rh7 Ke5 58. Rf7 Ra6 59. Rf5+ Ke6
60. Rb5 Kf6 61. Rb4 Rc6 62. Kf2 Rc2+ 63. Ke3 Rc3+ 64. Ke4 Rc6 65. Rb7 Rc4+ 66.
Kd3 Rc6 67. Kd4 Rd6+ 68. Ke4 Re6+ 69. Kd4 Rd6+ 70. Ke3 Re6+ 71. Kf2 Rc6 72. Rb4
Rc2+ 73. Ke3 Rc6 74. Kd4 Rd6+ 75. Kc4 Rd7 76. Rb6+ Kg7 77. Rg6+ Kh7 78. Rf6 Kg7
79. Rf5 Rd8 80. Rd5 Rf8 81. Rd7+ Kg8 82. Rd3 Kg7 83. Kc5 Rc8+ 84. Kb6 Rf8 85.
Kc7 Rf7+ 86. Kd6 Ra7 87. Re3 Ra6+ 88. Kc5 Kf6 89. Kb5 Ra7 90. Rd3 Rc7 91. Rd6+
Kg7 92. Rg6+ Kh7 93. Rf6 Kg7 94. Rf5 Rc8 95. Kb4 Rc7 96. Rd5 Rf7 97. Rd3 Rc7 98.
Rc3 Rb7+ 99. Kc5 Kf6 100. Re3 Rd7 101. Kc4 Rc7+ 102. Kd3 Rd7+ 103. Ke2 Rc7 104.
Ra3 Re7+ 105. Kd3 Rd7+ 106. Ke3 Re7+ 107. Kf2 Kg7 108. Re3 Rc7 109. Re6 Ra7 110.
Rg6+ Kh7 111. Rd6 Kg7 112. Ke3 Re7+ 113. Kd4 Rf7 114. Ke4 Rf4+ 115. Ke3 Rf7 1/2-1/2

[Event "World Blitz 2025"]
[Site "Doha QAT"]
[Date "2025.12.29"]
[Round "12.10"]
[White "Abdusattorov, Nodirbek"]
[Black "Sindarov, Javokhir"]
[Result "1/2-1/2"]
[WhiteTitle "GM"]
[BlackTitle "GM"]
[WhiteElo "2732"]
[BlackElo "2726"]
[WhiteFideId "14204118"]
[BlackFideId "14205483"]
[EventDate "2025.12.29"]

1. e4 e5 2. Nf3 Nc6 3. Bb5 a6 4. Ba4 d6 5. c3 Bd7 6. O-O g6 7. d4 Bg7 8. Re1 Nf6
9. Bc2 O-O 10. h3 Nh5 11. Be3 Qe8 12. dxe5 dxe5 13. Nbd2 Qe7 14. b4 Rfd8 15. a4
Nf4 16. Bb3 Be6 17. Bxe6 Qxe6 18. Qc2 b6 19. b5 axb5 20. axb5 Rxa1 21. Rxa1 Na5
22. Bxf4 exf4 23. Re1 Nc4 24. Nxc4 Qxc4 25. e5 Qxb5 26. Qe4 Qb3 27. Qxf4 Qxc3
28. Rc1 Qb3 29. Rxc7 Qe6 30. g3 h6 31. Kg2 b5 32. Qe4 Qd5 33. Qxd5 Rxd5 34. Rc8+
Kh7 35. Rc7 Kg8 36. Rc8+ Kh7 37. Rc7 1/2-1/2

[Event "World Blitz 2025"]
[Site "Doha QAT"]
[Date "2025.12.29"]
[Round "12.11"]
[White "Duda, Jan-Krzysztof"]
[Black "Gukesh, D"]
[Result "1-0"]
[WhiteTitle "GM"]
[BlackTitle "GM"]
[WhiteElo "2729"]
[BlackElo "2754"]
[WhiteFideId "1170546"]
[BlackFideId "46616543"]
[EventDate "2025.12.29"]

1. e4 c6 2. d4 d5 3. Nc3 dxe4 4. Nxe4 Nf6 5. Nxf6+ exf6 6. Be3 Bd6 7. Bd3 O-O 8.
Ne2 Re8 9. c4 Nd7 10. Qc2 Nf8 11. O-O-O Be6 12. Kb1 b5 13. d5 cxd5 14. cxb5 h6
15. Nd4 Bg4 16. Be2 Bxe2 17. Qxe2 Bc5 18. Qd3 Qb6 19. Nf5 Rab8 20. a4 Ne6 21.
Qxd5 Bxe3 22. Nxe3 a6 23. Nc4 Qxf2 24. b6 Red8 25. Qf3 Qc5 26. Rxd8+ Rxd8 27.
Rc1 Nd4 28. Qd3 Nc6 29. Qe4 Rd4 30. Qe8+ Kh7 31. Qe2 Qf5+ 32. Qc2 Rd3 33. Ne3
Qg6 34. Nd5 Nd4 35. Nf4 Nxc2 36. Nxg6 Nd4 37. Nf4 Rb3 38. Nd5 Kg6 39. Rc3 Rxc3
40. Ne7+ Kg5 41. bxc3 1-0

[Event "World Blitz 2025"]
[Site "Doha QAT"]
[Date "2025.12.29"]
[Round "12.12"]
[White "Moussard, Jules"]
[Black "Artemiev, Vladislav"]
[Result "1/2-1/2"]
[WhiteTitle "GM"]
[BlackTitle "GM"]
[WhiteElo "2600"]
[BlackElo "2641"]
[WhiteFideId "642908"]
[BlackFideId "24101605"]
[EventDate "2025.12.29"]

1. e4 e5 2. Nf3 Nc6 3. Bb5 a6 4. Ba4 Nf6 5. O-O Be7 6. d3 b5 7. Bb3 O-O 8. a4
Rb8 9. axb5 axb5 10. Nc3 d6 11. h3 Bd7 12. Be3 Nb4 13. Ne2 c5 14. Ng3 Qc7 15.
Bd2 Nc6 16. Qe2 Be6 17. Bxe6 fxe6 18. c3 b4 19. Ra6 Qb7 20. Rfa1 bxc3 21. bxc3
Ra8 22. Rxa8 Rxa8 23. Qd1 h6 24. Rxa8+ Qxa8 25. Qb3 Qc8 26. Nf5 Bf8 27. Ne3 Kh7
28. Nc4 Be7 29. Be3 Qc7 30. Ncd2 d5 31. exd5 exd5 32. Nf1 Kh8 33. Ng3 c4 34.
dxc4 Na5 35. Qb6 Qxb6 36. Bxb6 Nxc4 37. Bc7 Nd7 38. Nf5 Bf6 39. Kf1 Nc5 40. Nd6
Nxd6 41. Bxd6 Nd7 42. Nd2 Bg5 43. Nf3 Bf6 44. Nd2 Kg8 45. c4 Bg5 46. Nf3 dxc4
47. Nxe5 Nxe5 48. Bxe5 Kf7 49. Ke2 Bf6 50. Bf4 h5 51. g4 hxg4 52. hxg4 Ke6 53.
Be3 Ke5 54. f3 Bh4 55. Kd2 Bg3 56. Kc3 Kd5 57. Kc2 Bd6 58. Bf2 Bc5 59. Be1 Bb6
60. Bc3 Bd4 61. Bd2 Ke5 62. Bg5 Bb6 63. Kc3 Kd5 64. Kc2 Kd4 65. Bf4 Bd8 66. Bd2
Bf6 67. g5 Be5 68. f4 Bd6 69. Bc3+ Ke4 1/2-1/2

[Event "World Blitz 2025"]
[Site "Doha QAT"]
[Date "2025.12.29"]
[Round "12.13"]
[White "Praggnanandhaa, R"]
[Black "Safarli, Eltaj"]
[Result "1-0"]
[WhiteTitle "GM"]
[BlackTitle "GM"]
[WhiteElo "2761"]
[BlackElo "2644"]
[WhiteFideId "25059530"]
[BlackFideId "13402129"]
[EventDate "2025.12.29"]

1. e4 c5 2. Nf3 Nc6 3. Bb5 d6 4. O-O Bd7 5. Re1 Nf6 6. c3 a6 7. Bf1 Bg4 8. h3
Bxf3 9. Qxf3 e6 10. d3 Be7 11. Be3 O-O 12. Nd2 d5 13. Bf4 b5 14. Bh2 b4 15. exd5
Qxd5 16. Qd1 bxc3 17. bxc3 Bd6 18. Bxd6 Qxd6 19. Nc4 Qc7 20. g3 Nd5 21. Qc2 Na5
22. Nd2 Nc6 23. Bg2 Rab8 24. Nc4 Rfd8 25. Rab1 h6 26. Rb3 Na5 27. Nxa5 Qxa5 28.
Reb1 Rxb3 29. Rxb3 Nf6 30. Qb2 g6 31. Bf1 1-0

[Event "World Blitz 2025"]
[Site "Doha QAT"]
[Date "2025.12.29"]
[Round "12.14"]
[White "Nihal, Sarin"]
[Black "Pranesh, M"]
[Result "1/2-1/2"]
[WhiteTitle "GM"]
[BlackTitle "GM"]
[WhiteElo "2701"]
[BlackElo "2627"]
[WhiteFideId "25092340"]
[BlackFideId "35028600"]
[EventDate "2025.12.29"]

1. d4 d5 2. Nf3 Nf6 3. c4 dxc4 4. e3 Bg4 5. Bxc4 e6 6. Nc3 Nc6 7. Bb5 Bd6 8. O-O
O-O 9. Bxc6 bxc6 10. h3 Bh5 11. e4 Bb4 12. Bg5 h6 13. Bxf6 Qxf6 14. g4 Bg6 15.
Qe2 c5 16. Rad1 Rfd8 17. dxc5 Bxc5 18. Kg2 Qf4 19. Rxd8+ Rxd8 20. Rd1 Rxd1 21.
Qxd1 Bb4 22. Qd2 Qf6 23. Qe3 a6 24. a3 Ba5 25. Na4 Bb6 26. Nxb6 cxb6 27. Nd4 Qe5
28. f3 f5 29. f4 Qc5 30. exf5 exf5 31. Kf2 fxg4 32. hxg4 Bf7 33. b4 Qc4 34. Nf5
Be6 35. Qe5 Qc2+ 36. Kg3 Bxf5 37. gxf5 Qd3+ 38. Kh4 Qd8+ 39. Kg3 Qf6 40. Kg4 Kh7
41. Qe6 Kh8 42. Qe8+ Kh7 43. Qe5 Qf7 44. Qd6 Qf6 45. Qe5 Qf7 46. Qd6 Qf6 47. Qe5 1/2-1/2